000 01009nam0a22002651 4500
001 rc\4706200
005 20250612160410.0
021 _aRU
_b[63-96164]
035 _a(NLR Aleph) 008721434
090 _a9420315
_c9420315
100 _a20130416d1963 |||y0rusy50 ca
101 0 _arus
102 _aRU
105 _aa z |||a|
200 1 _aДорогой бессмертия
_eДокум. повесть [о луцком подполье
_fЛит. запись С. Дранова]
210 _aЛьвов
_cКн.-журн. изд-во
_d1963
215 _a242 с.
_cил.
_d21
606 _aПартизанское движение в Великой Отечественной войне 1941-1945 гг.
_yВолынская область
_2psbo
700 1 _aСтрутинский
_bН.В.
_f1920-
_gНиколай Владимирович
702 1 _aДранов
_bС.
_gСемен
_4570
801 0 _aRU
_bNLR
_gpsbo
801 1 _aRU
_bELAR
_2rusmarc
852 _aNLR
_j64-3/107
942 _cBOOK
980 _aNB